[Event "CZE-ch U14"]
[Site "Sec u Chrudimi"]
[Date "2008.10.27"]
[Round "3"]
[White "Kozel, Petr"]
[Black "Slampa, Jan"]
[Result "0-1"]
[WhiteElo "1328"]
[BlackElo "1652"]
[PlyCount "96"]
[EventDate "2008.10.25"]
[EventType "swiss"]
[EventRounds "9"]
[EventCountry "CZE"]
[SourceTitle "EXT 2022"]
[Source "ChessBase"]
[SourceDate "2021.10.06"]
[SourceVersion "1"]
[SourceVersionDate "2021.10.06"]
[SourceQuality "1"]

1. e4 e5 2. Bc4 Nc6 3. Nf3 Nf6 4. d3 Be7 5. Nc3 0-0 6. Bg5 d6 7. h3 h6 8. Bxf6 Bxf6 9. Nd5 Be6 10. Nxf6+ Qxf6 11. Bxe6 fxe6 12. c3 d5 13. exd5 exd5 14. Qb3 Rad8 15. 0-0-0 b6 16. Rhe1 Kh8 17. Qc2 Rfe8 18. Re2 Re7 19. Rde1 Qf4+ 20. Qd2 Rde8 21. Qxf4 exf4 22. Rxe7 Rxe7 23. Rxe7 Nxe7 24. Ne5 g5 25. Kd2 Kg7 26. Ke2 h5 27. b3 Kf6 28. Nf3 c5 29. g4 fxg3 30. fxg3 Nf5 31. Kf2 Nd6 32. c4 dxc4 33. bxc4 a6 34. a4 Nf7 35. Ke3 Ne5 36. Ke2 Nxf3 37. Kxf3 Ke5 38. Ke3 h4 39. g4 a5 40. d4+ cxd4+ 41. Kd3 Kf4 42. Kxd4 Kg3 43. Kd5 Kxh3 44. Kc6 Kxg4 45. Kxb6 h3 46. c5 h2 47. c6 h1Q 48. c7 Qa8 0-1

[Event "Ricany op-B"]
[Site "Ricany"]
[Date "2008.08.28"]
[Round "7"]
[White "Kozel, Petr"]
[Black "Mejzlik, Jiri"]
[Result "1/2-1/2"]
[WhiteElo "1250"]
[BlackElo "1451"]
[PlyCount "72"]
[EventDate "2008.08.23"]
[EventType "swiss"]
[EventRounds "9"]
[EventCountry "CZE"]
[SourceTitle "CBM 126 Extra"]
[Source "ChessBase"]
[SourceDate "2008.11.05"]
[SourceVersion "1"]
[SourceVersionDate "2008.11.05"]
[SourceQuality "1"]

1. e4 d6 2. Nf3 e5 3. Nc3 c5 4. h3 Nc6 5. Bc4 a6 6. d3 h6 7. Be3 Nf6 8. a3 Be6 9. Nd5 b5 10. Nxf6+ Qxf6 11. Bxe6 fxe6 12. c4 Qd8 13. Qd2 Nd4 14. Bxd4 exd4 15. 0-0 bxc4 16. dxc4 Be7 17. Rab1 0-0 18. b4 Rb8 19. e5 cxb4 20. axb4 dxe5 21. Nxe5 Qd6 22. Ng6 Rfd8 23. Nxe7+ Qxe7 24. Rfe1 Qd6 25. Qe2 Re8 26. c5 Qc6 27. Red1 e5 28. Qc4+ Qe6 29. Qxe6+ Rxe6 30. f4 Rd8 31. fxe5 Rxe5 32. Re1 Rxe1+ 33. Rxe1 d3 34. Rd1 Rd4 35. Kf2 Rxb4 36. Rxd3 Rc4 1/2-1/2